000 00969nam a2200277Ia 4500
001 Para_10053
003 CHAP
008 220125sNovi xx 000 0 und d
010 _a208739
040 _cCHAP
090 _aPA CD - TESIS 134
100 _aRomero García, José Manuel
_999579
245 _aSituación actual de la resistencia de Avena fatua L. en México y en el mundo /
_c José Manuel Romero García; Director J. Antonio Tafoya Razo
260 _aChapingo, Méx. :
_b el autor
300 _a1 CDS ROM (50 p.)
502 _aTesis (Ing. Agr. Esp. en Parasitología Agrícola). UACh. Departamento Parasitología Agrícola
700 _aTafoya Razo, J. Antonio. Director
_9171337
710 _aUACh. Departamento Parasitología Agrícola
_9164025
901 _aPA CD - TESIS 134
902 _aM
905 _a513220Noviembre, 2011 n 8100000000 06
910 _aNovi
942 _cPARA
942 _cPARA
_d2
999 _c208739
_d208739